Hanna-Barbera Cartoon Characters by Picture - Statistics

General Stats
  • This quiz has been taken 230 times
    116 since last reset
  • The average score is 17 of 23
Answer Stats
Picture Answer % Correct
Jerry
100%
Tom
100%
Scooby Doo
98%
Shaggy
96%
Fred Flintstone
95%
Velma
92%
Yogi Bear
90%
Papa Smurf
87%
Barney Rubble
86%
Smurfette
80%
Dino
78%
Boo-Boo Bear
76%
George Jetson
76%
Gargamel
68%
Top Cat
63%
Huckleberry Hound
58%
Astro
54%
Jonny Quest
53%
Rosie
52%
Muttley
50%
Snagglepuss
48%
Quick Draw McGraw
45%
Grape Ape
40%
No matching quizzes found
Score Distribution
Percent of People with Each Score
Percentile by Number Answered
Your Score History
You have not taken this quiz since the last reset